Panduan ringkas bahasa inggeris untuk perjalanan mudah dan praktikal : Edisi kedua
| Main Author: | |
|---|---|
| Format: | Book |
| Published: |
Selangor :
Crescent News (KL)Sdn Bhd ,
2006
|
MARC
| LEADER | 00000cam a2200000 7i4500 | ||
|---|---|---|---|
| 001 | 0000066024 | ||
| 005 | 20160907.0 | ||
| 008 | 160907 | ||
| 020 | |a 9830613178 | ||
| 090 | 0 | 0 | |a 428.14 |b AMR |
| 100 | 1 | |a Amran Hassan | |
| 245 | 1 | 0 | |a Panduan ringkas bahasa inggeris untuk perjalanan mudah dan praktikal : |b Edisi kedua |c Amran Hassan |
| 260 | |a Selangor : |b Crescent News (KL)Sdn Bhd , |c 2006 | ||
| 999 | |a 0000937310 |b Book |c Adult Collection |e Cawangan Bandar Tenggara | ||